000 00309 a2200157 4500
001 62438
020 _a9788526015029
040 _cAnchieta - Pituba
100 _aBrandão, Toni
240 1 0 _aTutu
_lpor
245 1 0 _aTutu
300 _a83
362 0 _a2010
650 4 _aLiteratura juvenil
942 _cBK
999 _c62438
_d62438